El Problema de la tierra despierta al movimiento campesino /
Este artículo se refiere a la necesidad de tierra de cuarenta familias que, pese a la violencia utilizada por la Guardia Rural para que desalojaran los terrenos, se han resistido. Se analiza el papel jugado por el Instuto de Desarrollo Agrario en la solución propuesta para resolver el problema de te...
Salvato in:
| Autore principale: | |
|---|---|
| Natura: | testo |
| Soggetti: | |
| Tags: |
Aggiungi Tag
Nessun Tag, puoi essere il primo ad aggiungerne!!
|
MARC
| LEADER | 00000 a a2200000 04500 | ||
|---|---|---|---|
| 001 | 12165 | ||
| 003 | |||
| 040 | |||
| 100 | |a Shallat, Lezak | ||
| 245 | |a El Problema de la tierra despierta al movimiento campesino / |c Lezak Shallat | ||
| 520 | |a Este artículo se refiere a la necesidad de tierra de cuarenta familias que, pese a la violencia utilizada por la Guardia Rural para que desalojaran los terrenos, se han resistido. Se analiza el papel jugado por el Instuto de Desarrollo Agrario en la solución propuesta para resolver el problema de tenencia de la tierra y la necesidad de una reforma agraria que resuelva de una vez los conflictos que se presentan por la demanda de tierra. LOB/mb | ||
| 650 | |a PRECARISTAS | ||
| 650 | |a ORGANIZACIONES CAMPESINAS | ||
| 650 | |a INSTITUTO DE DESARROLLO AGRARIO, CR | ||
| 650 | |a IGLESIA CATOLICA | ||
| 650 | |a FMI | ||
| 650 | |a AID | ||
| 650 | |2 Thesaurus CIDCSO | ||
| 650 | |a SECTOR AGROPECUARIO | ||
| 650 | |a ESTRUCTURA ECONOMICA | ||
| 650 | |a REFORMA AGRARIA | ||
| 650 | |a DERECHOS HUMANOS | ||
| 773 | |g número 48; páginas 20-23 | ||
| 999 | |c 23304 |d 23304 | ||
